000 00312nam a22001337a 4500
020 _a978-81-314-2164-2
082 _a361
_bNAG/V
100 _aNAG,PARAMITA
245 _aVIOLENCE AGAINST WOMEN
260 _aINDIA
300 _a241
650 _aVIOLENCE AND CRIME COMMITTED AGAINST WOMEN
_zINDIA
942 _cBK
999 _c5771
_d5771